[Event "Titled Tuesday intern op 16th Apr Early"]
[Site "Chess.com INT"]
[Date "2024.04.16"]
[Round "2"]
[White "Orzech, Dominik"]
[Black "Cahaya, Satria Duta"]
[Result "1-0"]
[WhiteElo "2248"]
[BlackElo "2184"]
[PlyCount "143"]
[EventDate "2024.04.16"]
[EventType "swiss (blitz)"]
[EventRounds "11"]
[EventCountry "USA"]
[SourceTitle "CB17_2024"]
[SourceDate "2024.04.24"]
[SourceVersion "1"]
[SourceVersionDate "2024.04.24"]
[SourceQuality "1"]

1. d4 Nf6 2. Nf3 g6 3. c4 Bg7 4. g3 0-0 5. Bg2 c6 6. 0-0 d5 7. cxd5 cxd5 8. Ne5 Nc6 9. Nxc6 bxc6 10. Nc3 Bf5 11. Bf4 Ne4 12. Na4 Qa5 13. Rc1 Qb4 14. Be3 Rab8 15. a3 Qb3 16. Qxb3 Rxb3 17. Rxc6 Bd7 18. Ra6 Bxa4 19. Rxa4 Rxb2 20. Rxa7 e6 21. Bf3 Rc8 22. a4 Ra2 23. Bxe4 dxe4 24. Rb1 Rxe2 25. Rbb7 Rf8 26. a5 Ra2 27. a6 h5 28. h4 Ra3 29. Rd7 Ra5 30. Bf4 Ra4 31. Bd6 Ra1+ 32. Kg2 Ra2 33. Bxf8 Bxf8 34. Rxf7 e3 35. Rf3 e2 36. Re3 Bb4 37. Rb7 e1Q 38. Rxe1 Bxe1 39. a7 Rxf2+ 40. Kg1 Ra2 41. Rb8+ Kg7 42. a8Q Bf2+ 43. Kf1 Rxa8 44. Rxa8 Bxg3 45. Ra6 Kf6 46. d5 Bxh4 47. Rxe6+ Kf5 48. Ke2 Bg3 49. Kf3 Bh2 50. Kg2 Bf4 51. Re8 g5 52. Kf2 g4 53. Rh8 Kg5 54. Rf8 Be5 55. Ke3 h4 56. Ke4 Bc7 57. Rg8+ Kh5 58. Kf5 Kh6 59. Rxg4 Bg3 60. Rg8 Bd6 61. Rg6+ Kh5 62. Rxd6 h3 63. Re6 h2 64. Re1 Kh4 65. d6 Kg3 66. d7 Kf2 67. Rh1 Kg2 68. Rxh2+ Kxh2 69. d8Q Kg3 70. Qd3+ Kh4 71. Kf4 Kh5 72. Qh7# 1-0

[Event "Titled Tuesday intern op 02nd Apr Late"]
[Site "Chess.com INT"]
[Date "2024.04.02"]
[Round "8"]
[White "Playa, Marcelo"]
[Black "Cahaya, Satria Duta"]
[Result "1-0"]
[WhiteElo "2376"]
[BlackElo "2184"]
[PlyCount "127"]
[EventDate "2024.04.02"]
[EventType "swiss (blitz)"]
[EventRounds "11"]
[EventCountry "USA"]
[SourceTitle "CB15_2024"]
[SourceDate "2024.04.10"]
[SourceVersion "1"]
[SourceVersionDate "2024.04.10"]
[SourceQuality "1"]

1. e4 c5 2. Nf3 Nc6 3. d4 cxd4 4. Nxd4 Nf6 5. Nc3 e5 6. Ndb5 d6 7. Bg5 a6 8. Na3 b5 9. Nd5 Be7 10. Nxe7 Nxe7 11. Bd3 Bb7 12. Qe2 d5 13. Bxf6 gxf6 14. 0-0-0 b4 15. Nb1 Qa5 16. exd5 Bxd5 17. Bc4 Rc8 18. Bxd5 Nxd5 19. Qe4 Ne7 20. Rd6 Qxa2 21. Qxb4 0-0 22. Rxf6 Ng6 23. Rd1 Rc4 24. Qa3 Qxa3 25. Nxa3 Rh4 26. h3 Kg7 27. Rxa6 e4 28. Nc4 Rf4 29. Rd2 Rc8 30. Ne3 Ne5 31. Kb1 Nc4 32. Nxc4 Rxc4 33. Ra7 Rc6 34. b3 Rg6 35. g3 Rf3 36. Kb2 e3 37. fxe3 Rgxg3 38. e4 Rxh3 39. e5 Kg6 40. Rg2+ Kh6 41. Ra6+ Kh5 42. Rf6 Rxf6 43. exf6 Rf3 44. Rg7 Rxf6 45. Rxh7+ Kg6 46. Rh8 Rc6 47. b4 f5 48. Rg8+ Kf7 49. Rg3 Rc4 50. Kb3 Rg4 51. Rf3 f4 52. c3 Ke6 53. b5 Kd5 54. Kb4 Ke4 55. Rf1 f3 56. b6 Kd3+ 57. Kb5 Ke2 58. Rc1 f2 59. Rc2+ Ke1 60. Rxf2 Kxf2 61. b7 Rg8 62. c4 Ke3 63. c5 Kd4 64. c6 1-0